Founders of modern mathematics /

Bibliographic Details
Main Author: Ashurst, F. Gareth
Format: Book
Language:English
Published: London : Frederick Muller, 1982.
Subjects:

MARC

Tag First Indicator Second Indicator Subfields
LEADER 00000cam a2200000 a 4500
001 in00000099269
005 20150924160122.0
008 820803s1982 enkac b 00110 eng d
020 |a 0584103808 
035 |a (OCoLC)08653504 
035 |9 AAL0145AM 
040 |a CPS  |c CPS  |d TXA  |d UtOrBLW 
049 |a TXAM  |c [802689] 
090 |a QA28  |b .A8 
100 1 |a Ashurst, F. Gareth. 
245 1 0 |a Founders of modern mathematics /  |c F. Gareth Ashurst. 
264 1 |a London :  |b Frederick Muller,  |c 1982. 
300 |a 145 pages :  |b illustrations, portraits ;  |c 21 cm. 
336 |a text  |b txt  |2 rdacontent 
337 |a unmediated  |b n  |2 rdamedia 
338 |a volume  |b nc  |2 rdacarrier 
500 |a Includes index. 
504 |a Bibliography: pages [138]-139. 
650 0 |a Mathematicians. 
650 0 |a Mathematics  |x History. 
999 |a MARS 
999 f f |s 2f162453-ece7-373f-b6af-666c4cdf956b  |i 101dddaa-f352-3d37-8851-7d9df2ddbd04  |t 0 
952 f f |p ric  |a Texas A&M University  |b Rellis Campus  |c Joint Library Facility  |d Remote Storage  |t 0  |e QA28 .A8  |h Library of Congress classification  |i unmediated -- volume  |m A14806271046 
998 f f |a QA28 .A8  |t 0  |l Remote Storage